Phrasal verbs - Statistiques

Statistiques générales
  • Ce quiz a été pris 48 fois
  • Le résultat moyen est 3 sur 20
Statistiques - réponses
Hint Réponse % Correct
to find (something) out découvrir, apprendre quelque chose
81%
to figure (something) out comprendre, résoudre (un problème)
33%
to get along with (someone) bien s’entendre avec (quelqu’un)
19%
to draw (something) up rédiger (un document, un contrat)
19%
to pick (someone) up aller chercher (quelqu’un, en voiture par ex.)
14%
to deal with (something/someone) gérer, s’occuper de, faire face à
14%
to turn (someone) down refuser (quelqu’un, une proposition)
14%
to close (something) down fermer définitivement (une entreprise, un service)
10%
to keep (something) down limiter, réduire (le bruit, une consommation)
10%
to set (something) up mettre en place, organiser, installer
10%
to move on to (something) passer à (autre chose)
10%
to cut down on (something) réduire sa consommation de
10%
to take (something) over reprendre, prendre le contrôle de (une entreprise, une tâche)
10%
to hold (something) up retarder, ralentir
10%
to do without (something/someone) se passer de
10%
to get over (something/someone) surmonter, se remettre de
10%
to run out of (something) être à court de
5%
to look through (something) parcourir, feuilleter, examiner rapidement
5%
to drop in on (someone) passer voir (quelqu’un à l’improviste)
5%
to get back to (someone/something) revenir vers quelqu’un / à quelque chose
5%
Aucun quiz correspondant
Distribution des résultats
% des personnes avec chaque résultat
Percentile par nombre de réponses
Votre historique - résultats
Vous n’avez pas pris ce quiz